000 00735cam a2200253 4500
001 4568295
003 OSt
005 20230620151839.0
008 740117s1974 dcu b 001 0 eng
010 _a 74000912
020 _a0815711182
_a0815711174 (pbk.)
040 _aDLC
_cDLC
_dDLC
043 _an-us---
082 0 0 _a327
_bBRO
100 1 _aBrown, Seyom.
245 1 0 _aNew forces in world politics.
260 _aWashington,
_bBrookings Institution
_c[1974]
300 _aviii, 224 p.
_c24 cm.
504 _aIncludes bibliographical references.
650 0 _aWorld politics
_y1945-1989.
651 0 _aUnited States
_xForeign relations
_y1945-1989.
906 _a7
_bcbc
_corignew
_d1
_eocip
_f19
_gy-gencatlg
942 _2ddc
_cBK
999 _c1845
_d1845